KOHA-Header-6

International Marketing analysis and Strategy (Record no. 8620)

000 -LEADER
fixed length control field 00274nam a2200121Ia 4500
020 ## - INTERNATIONAL STANDARD BOOK NUMBER
ISBN 9780132724517
082 ## - DEWEY DECIMAL CLASSIFICATION NUMBER
Classification number 658.8
100 ## - MAIN ENTRY--AUTHOR NAME
Personal name SAK Onkvisit
245 #0 - TITLE STATEMENT
Title International Marketing analysis and Strategy
260 ## - PUBLICATION, DISTRIBUTION, ETC. (IMPRINT)
Place of publication India
Name of publisher Addision
Year of publication 1985
300 ## - PHYSICAL DESCRIPTION
Number of Pages 232
942 ## - ADDED ENTRY ELEMENTS (KOHA)
Koha item type Books
Holdings
Withdrawn status Lost status Permanent Location Current Location Date acquired Full call number Accession Number Koha item type
    MAJU MAJU 2019-09-14 658.4 3474 Books

Powered by Koha